Azazel / (Registro nro. 3222)
[ vista simple ]
| 000 -LEADER | |
|---|---|
| fixed length control field | 01018nam a2200193 a 4500 |
| 008 - CAMPO DE CONTROL (LIBRO) | |
| fixed length control field | 180918s1992 sp ||||g||||| 00| 0|spa d |
| 020 ## - INTERNATIONAL STANDARD BOOK NUMBER | |
| ISBN | 8401491363 |
| 041 ## - CODIGO DE IDIOMA | |
| Código de idioma del texto/pista de sonido o título separado | spa |
| 092 ## - SIGNATURA TOPOGRAFICA DEWEY LOCAL | |
| número de clasificación | 808.88 |
| libristica | 4 |
| sección | ASI |
| 100 1# - ENTRADA PRINCIPAL--NOMBRE PERSONAL | |
| Nombre personal | Asimov, Isaac |
| 9 (RLIN) | 4277 |
| 245 ## - TITULO PROPIAMENTE DICHO | |
| Título | Azazel / |
| Mención de responsabilidad y remanente de la transcripción de la portada | Isaac Asimov |
| 250 ## - MENCION DE EDICION | |
| Mención de edición | 5a ed. |
| 260 ## - PIE DE IMPRENTA | |
| Lugar de publicación, distribución, etc | Barcelona: |
| Nombre de la editorial, distribuidor, etc | Plaza & Janes; |
| Fecha de publicación | 1992. |
| 300 ## - DESCRIPCION FISICA | |
| Extension | 249 p. |
| 500 ## - NOTA GENERAL | |
| Nota general | Asimov, I. (1992). Azazel. (5a ed.). Barcelona : Plaza & Janes. |
| 505 ## - NOTA DE CONTENIDO | |
| Nota de contenido formateada | Isaac Asimov dedica aquí su pluma y su imaginación sin límites a la fantasía, y nos ofrece dieciocho fascinantes relatos que, sin duda, deleitarán a todos los aficionados al género, así como a los innumerables admiradores de este autor. Azazel es un demonio de dos centímetros, dotado con una impetuosa personalidad y maravillosos poderes mágicos. El único problema es que este singular ser posee poca comprensión de las cuestiones humanas y sus intervenciones producen situaciones sorprendentes. |
| 655 ## - MATERIA - GENERO/FORMA | |
| Género/Forma | Literatura |
| -- | 2917 |
| 942 ## - ADDED ENTRY ELEMENTS (KOHA) | |
| Source of classification or shelving scheme | Dewey Decimal Classification |
| Item type | LITERATURA |
| Estado de retiro | Existencia | Fuente de clasificación | Estado general | No para prestamo | Ubicación permanente | ubicación actual | Sala de ubicación | Fecha de adquisición | Fuente de adquisición | Total Checkouts | Número de clasificación | Código de barras | Date last seen | Número de ejemplar | Price effective from | Koha tipo de elemento (item) | Public note | Coded location qualifier |
|---|---|---|---|---|---|---|---|---|---|---|---|---|---|---|---|---|---|---|
| Dewey Decimal Classification | Biblioteca Medicina | Biblioteca Medicina | Circulación | 12/12/2024 | Donación Diciembre 2024. Sede Tordos. | 808 4 ASI | 4963 | 12/12/2024 | Ej.1 | 12/12/2024 | LITERATURA | Donación Diciembre 2024. Sede Tordos. |